000 00854nam a2200253Ia 4500
003 OSt
005 20220923221909.0
006 a|||||r|||| 00| 0
007 ta
008 220922b |||||||| |||| 00| 0 urd d
024 _a200,908
037 _cTextual
040 _aARTS
_cARTS
_burd
041 _2urd
_aurd
082 _aO168,1M37:g, 152K7
100 _aअल्ताफ़ हुसैन, हाली
245 0 _aमुकदद्मा ए शेेर ओ शायरी
246 _aMukadadmā e sheer o shāyarī
260 _aदिल्ली
_b नेशनल पब्लि0 हा0
_c1967
300 _a172पृ0
_ccm.
650 _aउर्दू साहित्य
942 _hO168,1M37:g, 152K7
_cTEXL
_2CC
999 _c352571
_d352571